000 00528nam a22001697a 4500
003 OSt
005 20260211150926.0
008 260211b |||||||| |||| 00| 0 eng d
040 _cMRSPTU
041 _aEnglish
100 _aJaspreet Kaur, Supervisor: Dr. Manjeet Bansal
245 _aUse of Solid Waste as an Ingredient in Making of Brick
260 _bDepartment of Civil Engg. MRSPTU, Bathinda
_c2018
650 _aCivil Engineering
856 _uhttp://163.47.215.52:8080/jspui/handle/123456789/275
942 _2ddc
_cTH
_n0
999 _c10897
_d10897